000 00349nam a2200133 a 4500
005 20140412111424.0
008 080201s19uu xx 00 eng d
050 _aER
_bGi35 1988
245 _aAll about giant pandas.
260 _aU.S.A :
_bDetermined productions,
_c1988.
440 _aWorld wildlife fund's
650 _aPandas
999 _c106170
_d106170